000 01290nam a2200349 i 4500
003 EG-GICUC
005 20260121101453.0
008 251211s2007 ua ||||fr|||| 00| 0 ara d
017 _a2007/14852
020 _a9770452556
040 _a EG-GICUC
_bara
_c EG-GICUC
_d EG-GICUC
_erda
041 0 _aara
082 0 4 _221
_a343.51
_bأ ح . إ
092 0 4 _221
099 _aLaw1 10 343.51 أ ح . إ 1 ed - 2007
100 0 _aأحمد عبد الظاهر
_eمؤلف.
245 1 0 _aإبعاد الأجانب في ضوء أحكام القانون الجنائي /
_cدكتور أحمد عبد الظاهر.
250 _aالطبعة الأولى
264 1 _aالقاهرة :
_bدار النهضة العربية،
_c2007.
300 _a228 صفحة ؛
_c24 سم.
336 _2rda content
_atext
337 _2rda media
_aComputer
338 _2rda carrier
_aOnline Resource
504 _a. 205-228 ببليوجرافيا: صفحات
546 _aالنص باللغة العربية
650 1 4 _aالأحكام العامة فى القانون الجنائي الدولي
_2qrmak
650 1 4 _aالقانون الجنائي
_2qrmak
651 1 _2qrmak
856 4 0 _uhttps://fll.law.cu.edu.eg/fulltext/bks/B10-06650.pdf
905 _a77
_eHassnaa
942 _2ddc
_cBK
_e21
_n0
999 _c49885
_d49885